Państwa z drugą największą liczbą użytkowników wybranych języków - Statystyki

Ogólne statystyki
  • Ten quiz został rozwiązany 48 razy
  • Średni wynik to 14 z 20
Statystyki odpowiedzi
Język #1 #2 % Poprawnych
Niemiecki Niemcy Austria
98%
Angielski Stany Zjednoczone Wielka Brytania
98%
Grecki Grecja Cypr
90%
Rosyjski Rosja Ukraina
86%
Hiszpański Meksyk Kolumbia
83%
Polski Polska Niemcy
83%
Holenderski Holandia Belgia
81%
Rumuński Rumunia Mołdawia
81%
Mandaryński Chiny Tajwan
79%
Szwedzki Szwecja Finlandia
69%
Tamilski Indie Sri Lanka
69%
Perski Iran Afganistan
64%
Portugalski Brazylia Angola
64%
Turecki Turcja Niemcy
60%
Pendżabski Pakistan Indie
55%
Hmong Chiny Wietnam
55%
Keczua Peru Boliwia
50%
Francuski Francja Demokratyczna Republika Konga
38%
Joruba Nigeria Benin
36%
Włoski Włochy Brazylia
17%
Nie znaleziono quizów pasujących do podanych kryteriów
Rozkład punktacji
Procent ludzi z każdym wynikiem
Percentyl według liczby udzielonych odpowiedzi
Twoja historia wyników
Nie rozwiązałeś tego quizu